00466nam a2200193 a 4500001001300000003000900013005001700022008004100039020001000080082001600090100001800106245002400124260003100148300000800179500003500187505001000222650002200232700001800254nice12345678IN_TiNIC20260116011822.0050524s1977 laha grp 000 0 eng  ac10000a220.13bKHA aKhan, Brkat A aBasharat-E-I-Injil. aLahorebNiyazi Pressc1977 a56p aincludes index and biblioraphy2 aIndex aBible-Inspiration1 aKhan, Brkat A